Unmixed Word Blitz Quiz Stats

 Plays Quiz not verified by Sporcle

Challenge
Share
Tweet
Embed
Score 0/10 Timer 02:00
0 Plays Today
Unmixed Word Mixed Word % Correct
CATCTA
93.4%
TOPOPT
93.4%
YOUOYU
90.2%
GUMMGU
88.5%
ISMMSI
88.5%
NETENT
86.9%
WASSWA
85.2%
BIDIDB
82%
PANTNTPA
41%
MILKILMK
37.7%

You're not logged in!

Compare scores with friends on all Sporcle quizzes.
Join for Free
OR
Log In

You Might Also Like...

Show Comments

Extras

Top Quizzes Today


Score Distribution

Your Account Isn't Verified!

In order to create a playlist on Sporcle, you need to verify the email address you used during registration. Go to your Sporcle Settings to finish the process.

Report this User

Report this user for behavior that violates our Community Guidelines.

Details: